LEADER 02264nam 2200601 a 450 001 9910965973303321 005 20251117065749.0 010 $a1-61324-048-1 035 $a(CKB)2670000000090026 035 $a(EBL)3019830 035 $a(SSID)ssj0000470637 035 $a(PQKBManifestationID)12150476 035 $a(PQKBTitleCode)TC0000470637 035 $a(PQKBWorkID)10415803 035 $a(PQKB)11636734 035 $a(MiAaPQ)EBC3019830 035 $a(Au-PeEL)EBL3019830 035 $a(CaPaEBR)ebr10671395 035 $a(OCoLC)709880334 035 $a(BIP)27725364 035 $a(EXLCZ)992670000000090026 100 $a20090918d2010 uy 0 101 0 $aeng 135 $aur|n|---||||| 181 $ctxt 182 $cc 183 $acr 200 04$aThe joint operating environment 2008 $eusing history to inform the future /$fMichae?l Peeters, editor 210 $aNew York $cNova Science Publishers$d2010 215 $a1 online resource (112 p.) 225 1 $aAmerican political, economic, and security issues series 300 $aDescription based upon print version of record. 311 08$a1-60876-035-9 320 $aIncludes bibliographical references and index. 330 $aThe next quarter century will challenge US joint forces with threats and opportunities ranging from regular and irregular wars in remote lands to relief and reconstruction in crisis zones. This book argues how only through reading the signposts of the times will the joint force have some of the answers to the challenges of the future. 410 0$aAmerican political, economic, and security issues series. 606 $aUnified operations (Military science) 606 $aCombined operations (Military science) 606 $aNational security 606 $aSecurity, International 615 0$aUnified operations (Military science) 615 0$aCombined operations (Military science) 615 0$aNational security. 615 0$aSecurity, International. 676 $a355.4/6 701 $aPeeters$b Michae?l$01865342 801 0$bMiAaPQ 801 1$bMiAaPQ 801 2$bMiAaPQ 906 $aBOOK 912 $a9910965973303321 996 $aThe joint operating environment 2008$94472390 997 $aUNINA